The Russian Garland, Being Russian Folk Tales (Record no. 259364)
[ view plain ]
| 000 -LEADER | |
|---|---|
| fixed length control field | 01503cam a22002653a 4500 |
| 001 - CONTROL NUMBER | |
| control field | 30109 |
| 003 - CONTROL NUMBER IDENTIFIER | |
| control field | PGUSA |
| 005 - DATE AND TIME OF LATEST TRANSACTION | |
| control field | 20140828083642.0 |
| 008 - FIXED-LENGTH DATA ELEMENTS--GENERAL INFORMATION | |
| fixed length control field | 090927s2009||||xxu|||||s|||||000 | eng d |
| 040 ## - CATALOGING SOURCE | |
| Original cataloging agency | PGUSA |
| Language of cataloging | eng |
| 042 ## - AUTHENTICATION CODE | |
| Authentication code | dc |
| 050 #4 - LIBRARY OF CONGRESS CALL NUMBER | |
| Classification number | PZ |
| 245 14 - TITLE STATEMENT | |
| Title | The Russian Garland, Being Russian Folk Tales |
| Medium | [electronic resource] |
| 260 ## - PUBLICATION, DISTRIBUTION, ETC. (IMPRINT) | |
| Name of publisher, distributor, etc | Project Gutenberg, |
| Date of publication, distribution, etc | 2009 |
| 505 0# - FORMATTED CONTENTS NOTE | |
| Formatted contents note | Story of Lyubim Tsarevich and the winged wolf -- Story of the most wonderful and noble self-playing harp -- The seven brothers Simeon -- Story of Ivan, the peasant's son -- Story of the golden mountain -- Iliya of Murom and the robber nightingale -- The renowned hero, Bova Korolevich and the Princess Drushnevna -- The mild man and his cantankerous wife -- Story of the duck with golden eggs -- Story of Bulat the brave companion -- Story of Prince Malandrach and the Princess Salikalla -- Story of a shoemaker and his servant Prituitshkin -- Emelyan, the fool -- The judgment of Shemyaka -- Story of Prince peter with the golden keys, and the Princess Magilene -- Sila Tsarevich and Ivashka and the white smock -- Story of the knight Yaroslav Lasarevich and the Princess Anastasia. |
| 506 ## - RESTRICTIONS ON ACCESS NOTE | |
| Terms governing access | Public domain in the USA. |
| 516 ## - TYPE OF COMPUTER FILE OR DATA NOTE | |
| Type of computer file or data note | Electronic text |
| 653 ## - INDEX TERM--UNCONTROLLED | |
| Uncontrolled term | Tales -- Russia |
| 653 ## - INDEX TERM--UNCONTROLLED | |
| Uncontrolled term | Fairy tales -- Russia |
| 700 1# - ADDED ENTRY--PERSONAL NAME | |
| Personal name | Steele, Robert Reynolds |
| 700 1# - ADDED ENTRY--PERSONAL NAME | |
| Personal name | Rosciszewski, J. R. de |
| 830 #0 - SERIES ADDED ENTRY--UNIFORM TITLE | |
| Uniform title | Project Gutenberg |
| Volume number/sequential designation | 30109 |
| 856 40 - ELECTRONIC LOCATION AND ACCESS | |
| Uniform Resource Identifier | <a href="http://www.gutenberg.org/ebooks/30109">http://www.gutenberg.org/ebooks/30109</a> |
| 942 ## - ADDED ENTRY ELEMENTS (KOHA) | |
| Koha item type | eBooks |
| Withdrawn status | Lost status | Damaged status | Home library | Current library | Date acquired | Total Checkouts | Date last seen | Price effective from | Koha item type |
|---|---|---|---|---|---|---|---|---|---|
| Project Gutenberg | Project Gutenberg | 08/28/2014 | 08/28/2014 | 08/28/2014 | eBooks |